00689nam a2200241 i 4500001001000000003000900010005001700019007000300036008004100039040003000080041000800110082003000118110005100148245007300199264005000272300002800322336002700350337003300377338002800410650000300438650000300441650000300444000007024DO-SdBNP20251030102101.0ta251030s2010 dr 000 0 spa d aDO-SdBNPbspacBNPHUerda aspa a347.7293bR426c, 18832221 aRepública Dominicana.bMinisterio de Trabajo10aCompendio de estadisticas laborales 2007-2010 República Dominicana aSanto Domingo :bMinisterio de Trabajo,c2010 a164 páginas ;c28 cm. ardacontentbtexto2txt ardamediabsin mediación2n ardacarrierbvolumen2nc